Lorraine en 1800 - Statistiques

Statistiques générales
  • Ce quiz a été pris 110 fois
  • Le résultat moyen est 9 sur 15
Statistiques - réponses
Ville Nombre d'habitants % Correct
Metz 32 099
100%
Nancy 28 227
99%
Épinal 7 321
91%
Thionville 5 011
89%
Verdun 9 136
86%
Bar-le-Duc 8 691
81%
Lunéville 10 436
81%
Toul 6 940
74%
Pont à Mousson 6 738
58%
Commercy 3 400
54%
Saint-Dié-des-Vosges 5 346
53%
Gérardmer 4 295
35%
Saint-Mihiel 5 541
28%
Mirecourt 5 084
16%
Rambervilliers 4 926
1%
Aucun quiz correspondant
Distribution des résultats
% des personnes avec chaque résultat
Percentile par nombre de réponses
Votre historique - résultats
Vous n’avez pas pris ce quiz